[Event "GER-chT U10"]
[Site "Magdeburg"]
[Date "2016.12.27"]
[Round "1.3"]
[White "Koelmel, Lukas"]
[Black "Garner, Isaac"]
[Result "0-1"]
[WhiteElo "600"]
[BlackElo "1198"]
[PlyCount "50"]
[EventDate "2016.12.27"]
[EventType "team-swiss"]
[EventRounds "7"]
[EventCountry "GER"]
[SourceTitle "EXT 2018"]
[Source "ChessBase"]
[SourceDate "2017.10.13"]
[SourceVersion "1"]
[SourceVersionDate "2017.10.13"]
[SourceQuality "1"]
[WhiteTeam "Hamburger SK II"]
[BlackTeam "Hamburger SK"]
[WhiteTeamCountry "GER"]
[BlackTeamCountry "GER"]

1. e4 e5 2. Nf3 Nc6 3. Bc4 Nf6 4. Ng5 d5 5. exd5 b5 6. Nxf7 Kxf7 7. dxc6+ bxc4 8. Qe2 Qd5 9. 0-0 Bd6 10. d3 cxd3 11. Qxd3 Qxc6 12. Nc3 Ba6 13. Qd1 Bxf1 14. Qxf1 Rhf8 15. Be3 Kg8 16. f3 Ng4 17. Re1 Nxe3 18. Rxe3 Bc5 19. Qc4+ Kh8 20. Kf1 Rf6 21. Rxe5 Rxf3+ 22. gxf3 Qxf3+ 23. Ke1 Bf2+ 24. Kd2 Rd8+ 25. Kc1 Qh1+ 0-1